Top 100 NHL Draft Prospects 2018-2019 - Statistics

General Stats
  • This quiz has been taken 56 times
  • The average score is 20 of 100
Answer Stats
Position Player Club % Correct
F Hughes USNTDP
95%
F Kakko TPS
76%
F Caufield USNTDP
74%
F Turcotte USNTDP
71%
F Zegras USNTDP
68%
F Boldy USNTDP
66%
D Byram Vancouver Giants
63%
F Dach Saskatoon Blades
63%
G Knight USNTDP
63%
F Cozens Lethbridge Hurricanes
61%
F Podkolzin SKA-1946 St Petersburg
58%
D Seider Adler Mannheim
58%
D York USNTDP
58%
F Krebs Kootenay Ice
55%
F Newhook Victoria Grizzlies
55%
D Broberg AIK
47%
F Suzuki Barrie Colts
47%
D Robertson Edmonton Oil Kings
42%
F Robertson Peterborough Petes
42%
D Johnson Sioux Falls Stampede
39%
F McMichael London Knights
39%
F Kaliyev Hamilton Bulldogs
37%
D Harley Mississauga Steelheads
34%
D Heinola Lukko
34%
F Pelletier Moncton Wildcats
34%
F Beecher USNTDP
32%
F Foote Kelowna Rockets
32%
F Lavoie Halifax Mooseheads
32%
D Thomson Kelowna Rockets
32%
F Tomasino Niagara Ice Dogs
32%
D Bjornfot Djurgårdens IF
26%
F Brink Sioux City Musketeers
26%
G Jones Peterborough Petes
26%
F Poulin Sherbrooke Phoenix
26%
D Holmström HV71 J20
24%
G Wolf Everett Silvertips
21%
F Höglander Rogle BK
18%
F Leason Prince Albert Raiders
16%
F Murray Sudbury Wolves
16%
F Pinto Lincoln Stars
16%
G Søgaard Medicine Hat Tigers
16%
F Williams Medicine Hat Tigers
16%
D Honka JYP
13%
D Vlasic USNTDP
13%
F Dorofeyev Stalnye Lisy Magnitogorsk
11%
G Gauthier Prince George Cougars
11%
G Kochetkov HK Ryazan
11%
F Fagemo Frölunda HC
8%
D Kokkonen Jukurit
8%
D Korczak Kelowna Rockets
8%
F Maccelli Dubuque Fighting Saints
8%
D Tuomisto Ässät U20
8%
F Caulfield USNTDP
5%
G Ellis Rimouski Océanic
5%
G Miner Vancouver Giants
5%
F Mutala Tri-City Americans
5%
D Söderstroöm Brynas IF
5%
D Vukojevic Kitchener Rangers
5%
D Warren USNTDP
5%
F Afanasyev Muskegon Lumberjacks
3%
F Ciccolini Toronto Jr. Canadiens
3%
F Clarke Ottawa 67's
3%
F Donovan Duluth East High
3%
F Farinacci Dexter School
3%
F Guskov London Knights
3%
D Has Tappara U20
3%
D Helleson USNTDP
3%
D Kolyachonok Flint Firebirds
3%
D Lee Sioux Falls Stampede
3%
F Nikolayev Loko Yaroslavl
3%
F Puistola Tappara U20
3%
F Rees Sarnia Sting
3%
F Slepets Loko Yaroslavl
3%
F Teply Bili Tygri Liberec
3%
D Thrun USNTDP
3%
F Aaltonen KalPa U20
0%
F Beaucage Rouyn-Noranda Huskies
0%
F Blaisdell Chilliwack Chiefs
0%
D Brinkman University of Minnesota
0%
F Cajkovic Saint John Sea Dogs
0%
F Campbell Victoria Grizzlies
0%
D Constantinou Niagara Ice Dogs
0%
F Grewe Djurgårdens IF J20
0%
F Gutik Loko Yaroslavl
0%
F Henriksson Frölunda HC J20
0%
D Knyazev Chicoutimi Saguenéens
0%
F Lang Kamloops Blazers
0%
F Legare Baie-Comeau Drakkar
0%
F Likhachyov Gatineau Olympiques
0%
F MacKay Sault Ste. Marie Greyhounds
0%
F Mastrosimone Chicago Steel
0%
F Nussbaumer Shawinigan Cataractes
0%
F Pasic Linköping HC J20
0%
F Pitlick Chaska High
0%
F Porco Saginaw Spirit
0%
G Saville Tri-City Storm
0%
F Simoneau Drummondville Voltigeurs
0%
F Strondala HC Kometa Brno
0%
F Toporowski Spokane Chiefs
0%
F Zaitsev Red Deer Rebels
0%
No matching quizzes found
Score Distribution
Percent of People with Each Score
Percentile by Number Answered
Your Score History
You have not taken this quiz